000 00735nam a2200217 a 4500
005 20230128063532.0
008 991125m19872000mx 000 0 spa u
020 _a9682419883
035 _aUPN01000000834
049 _aCG
050 4 _aLB1523
_bS7.38
100 1 _aStevens, Joseph
245 1 0 _aAdministración de programas de educación temprana y preescolar /
_cJoseph H. Stevens, Edith W. King ; tr. Mario Sandoval Pineda.
260 _aMéxico :
_bTrillas,
_c1987 (2000 impr).
300 _a312 p.
440 0 _aBiblioteca de educación infantil
534 _pTraducción de:
_tAdministering early childhood
650 2 _aEducación preescolar
_vPlanes y programas
_99221
700 1 _aKing, Edith W.,
_ecoaut.
905 _aLibro
999 _c834
_d834